- Zurián, Carla
Entry Nombre Personal
001 - NUMERO DE CONTROL
- campo de control: 48849
003 - IDENTIFICADOR DE NUMERO DE CONTROL
- campo de control: DLC
005 - FECHA Y HORA DE LA ÜLTIMA TRANSACCIÓN
- campo de control: 20230509191132.0
008 - DATOS DE LONGITUD FIJA
- campo de control de longitud fija: 030618nn acannaabn |a aaa
010 ## - NÚMERO DE CONTROL DE LA BIBLIOTECA DEL CONGRESO
- Número de control LC: n 2003003276
040 ## - FUENTE DE CATALOGACIÓN
- Agencia original de catalogación: DLC
- Lenguaje de catalogación: spa
- Agencia de transcripción: DLC
- Agencia que lo modifica: DLC
- Agencia que lo modifica: MX-MxUPN
100 1# - ENCABEZAMIENTO - NOMBRE PERSONAL
- Nombre personal: Zurián, Carla
400 1# - VEÁSE - NOMBRE DE PERSONA
- Personal name: Zurián de la Fuente, Carla
400 1# - VEÁSE - NOMBRE DE PERSONA
- Personal name: De la Fuente, Carla Zurián
400 1# - VEÁSE - NOMBRE DE PERSONA
- Personal name: La Fuente, Carla Zurián de
400 1# - VEÁSE - NOMBRE DE PERSONA
- Personal name: Fuente, Carla Zurián de la
670 ## - FUENTE EN LA QUE SE LOCALIZARON DATOS
- Cita de la fuente: Fermín Revueltas, 2002:
- Información localizada: portada (Carla Zurián)
670 ## - FUENTE EN LA QUE SE LOCALIZARON DATOS
- Cita de la fuente: Vanguardia estridentista, 2010:
- Información localizada: portada. (Carla Zurián) página 248 (Carla Zurián de la Fuente)
670 ## - FUENTE EN LA QUE SE LOCALIZARON DATOS
- Cita de la fuente: Aguascalientes, 2012:
- Información localizada: reverso de la portada (Carla Zurián de la Fuente)
902 ## - CATALOGADOR
- Catalogador: VíctorGodínez/090523
